| 000 | 00531nam a22001817a 4500 | ||
|---|---|---|---|
| 003 | 0 | ||
| 005 | 20231211094505.0 | ||
| 008 | 231211b xxu||||| |||| 00| 0 eng d | ||
| 020 | _a978-1-4063-7266-3 | ||
| 050 |
_aER _bBea369 2016 |
||
| 082 |
_aER _bBea369 2016 |
||
| 100 | _aParenteau, Shirley | ||
| 245 |
_aBears in the bath _cShirley Parenteau |
||
| 260 |
_aLondon _bWalker Books and Subsidiaries _cc2016. |
||
| 300 |
_aunnumbered pages : _bcolored illustrations ; _c22cm. |
||
| 650 | _aChildren's stories. | ||
| 942 |
_2ddc _cBK |
||
| 999 |
_c365737 _d365737 |
||